000 nam a22 7a 4500
999 _c232874
_d232874
003 Nust
005 20170224111238.0
008 170224b xxu||||| |||| 00| 0 eng d
020 _a978-93-80179-34-6
040 _cASAB
082 _a631.4 DEE
245 _acrop protection and environment
_cDrick Deep
300 _a304 P
942 _2ddc
_cBK